Elements of Statistics and Dynamics. Part II Dynamics (Record no. 364956)
[ view plain ]
| 000 -LEADER | |
|---|---|
| fixed length control field | 003520000a22001450004500 |
| 060 ## - NATIONAL LIBRARY OF MEDICINE CALL NUMBER | |
| Classification number | 100 |
| 082 ## - DEWEY DECIMAL CLASSIFICATION NUMBER | |
| Classification number | 531.1 LON.02 |
| 100 ## - MAIN ENTRY--PERSONAL NAME | |
| Personal name | Loney, S.L |
| 245 ## - TITLE STATEMENT | |
| Title | Elements of Statistics and Dynamics. Part II Dynamics |
| 260 ## - PUBLICATION, DISTRIBUTION, ETC. (IMPRINT) | |
| Place of publication, distribution, etc. | Cambridge, At the University press |
| 260 ## - PUBLICATION, DISTRIBUTION, ETC. (IMPRINT) | |
| Date of publication, distribution, etc. | 1957 |
| 300 ## - PHYSICAL DESCRIPTION | |
| Extent | 193 |
| 650 ## - SUBJECT ADDED ENTRY--TOPICAL TERM | |
| Topical term or geographic name as entry element | Statistics / Dynamics |
| 942 ## - ADDED ENTRY ELEMENTS (KOHA) | |
| Koha item type | Books (General) |
| Withdrawn status | Lost status | Damaged status | Not for loan | Home library | Current library | Date acquired | Total Checkouts | Full call number | Barcode | Date last seen | Price effective from | Koha item type |
|---|---|---|---|---|---|---|---|---|---|---|---|---|
| College of Agriculture, Vellayani | College of Agriculture, Vellayani | 02/05/2014 | 531.1 LON.02 | KAU_COAV-2849 | 02/05/2014 | 02/05/2014 | Books (General) |
